=LDR 00000nam 2200000 4500 =001 INLIS000000000027208 =005 20130612125612 =008 ***********************************Ind** =035 ##$$0010-061300000027208 =041 ##$$a Ind =082 ##$$a 621.388 =090 ##$$a 621.388, Yos m =100 ##$$a Yosalfa R.L =245 ##$$a Memperbaiki TV dan radio, Yosalfa R.L =260 ##$$a 2004 $b Jakarta =300 ##$$a iv, 36 hlm, ilus, 20 cm =650 ##$$a Televisi-Memperbaiki =700 ##$$a Tanudi =850 ##$$a NBPNMAT